000 00242nam a2200085Ia 4500
245 0 _aStrategic advertising management
100 _a Percy, Larry Oxford, 2009 3rd ed
_9100698
942 _cBK
008 210818s9999 xx 000 0 und d
999 _c433249
_d433248